Переписка с попечителями учебных округов о предоставлении отсрочек по отбыванию воинской повинности учителям средних учебных зав...

Доступно только в Электронных читальных залах Найти на картеНа карте
RUSMARC
00004129nmc2a22002653x 450
001dd179ac4-c531-4b83-bcfe-4640cd4e850c
00520230830115313.0
100##$a20221222l19171917k l0rusy0189 ca
1010#$arus
102##$aRU
105##$ay###
1222#$ad
2001#$aПереписка с попечителями учебных округов о предоставлении отсрочек по отбыванию воинской повинности учителям средних учебных заведений
$j3 февраля - 11 декабря 1917 г.
215##$a265 л.
$d36,5х26 см
251##$cДело
300##$aНа обложке указано: "Дело №64"
300##$aОриг. заголовок дела: Дело о воинской повинности преподавателей и классных наставников частных средних учебных заведений за 1917 год. 3 февраля 1917 г. - 11 декабря 1917 г
371##$aДокумент не является опубликованным и широко распространяемым
461#0$1001a74412a3-3cc5-4d21-8f0a-dfe2fbd9e72d
$12001
$aДепартамент народного просвещения Министерства народного просвещения (1803-1917)
$1251
$cФонд
$1852
$j733
462#0$1001eee5cd01-9790-469a-9945-6bffddbc7761
$12001
$aРазряд общих дел
$1251
$cОпись
$1852
$j228
5171#$aДело о воинской повинности преподавателей и классных наставников частных средних учебных заведений за 1917 год. 3 февраля 1917 г. - 11 декабря 1917 г
801#0$aRU
$bРГИА
$c20221222
$gRCR
801#1$aRU
$bГлавНИВЦ
$c20221222
$2rusmarc
801#2$aRU
$bПБ им. Б.Н. Ельцина
$c20230830
$gRCR
$2rusmarc
850##$aРГИА
852##$aРГИА
$eФедеральное казенное учреждение "Российский государственный исторический архив" (РГИА)
$j114
937##$hРГИА
$d12396343
$aASBIBLIO_SCAN
035##$aRusGRCC00058952
856##$uhttp://readingroom.main.prlib.ru/item.aspx?id_node=n187246578&mode=full
Формат отображения